Human resource management in India (Record no. 394344)

MARC details
000 -LEADER
fixed length control field 00508 a2200193 4500
005 - DATE & TIME
control field 20260407144403.0
008 - FIXED-LENGTH DATA ELEMENTS--GENERAL INFORMATION
fixed length control field 260407b |||||||| |||| 00| 0 eng d
020 ## - ISBN
International Standard Book Number 9789389779141
Price Rs. 2395.00
040 ## - CATALOGING SOURCE
Original cataloging agency VIVEKANANDA LIBRARY
082 ## - DDC NUMBER
Classification number 658.300954
Book Number P272H
100 ## - MAIN ENTRY--PERSONAL NAME
Personal name Patel, Falgunkumar Laxmanbhai
245 ## - TITLE STATEMENT
Title Human resource management in India
260 ## - PUBLICATION, DISTRIBUTION, ETC. (IMPRINT)
Name of publisher, distributor, etc Sarth Publications
Date of publication, distribution, etc 2023
Place of publication, distribution, etc Delhi
300 ## - PHYSICAL DESCRIPTION
Pages 241
650 ## - Subject
Subject Management
650 ## - Subject
Subject Personnel Management
650 ## - Subject
Subject India
942 ## - ADDED ENTRY ELEMENTS (KOHA)
Koha item type Books
Holdings
Withdrawn status Lost status Source of classification or shelving scheme Damaged status Not for loan Location (home branch) Sublocation or collection (holding branch) Shelving location Date acquired Koha issues (times borrowed) Koha full call number Accession No. Koha date last seen Koha item type
    Dewey Decimal Classification     VIVEKANANDA LIBRARY VIVEKANANDA LIBRARY Vivekananda Library 03/02/2026   658.300954 P272H 438036 03/02/2026 Books
© Designed and Maintained by Vivekananda Library, MDU Rohtak